[Event "I American Continental"]
[Site "Cali COL"]
[Date "2001.08.16"]
[Round "7"]
[White "Szmetan,J"]
[Black "Renteria,J"]
[Result "1-0"]
[WhiteElo "2406"]
[BlackElo "2277"]

1.Nf3 c5 2.c4 b6 3.g3 Bb7 4.Bg2 Nf6 5.O-O e6 6.Nc3 Be7 7.e3 d6 8.d4 Nbd7
9.d5 e5 10.Ne1 a6 11.a4 O-O 12.f4 exf4 13.gxf4 Re8 14.e4 Bf8 15.Qd3 b5 16.axb5 axb5
17.Rxa8 Qxa8 18.Nxb5 Qb8 19.Nc2 Ba6 20.Nca3 Re7 21.Bd2 Ne8 22.Bc3 Qb6 23.Bh3 Nc7
24.Nxc7 Qxc7 25.e5 Nb6 26.e6 f6 27.b3 Qb7 28.Nc2 Qxd5 29.Qxd5 Nxd5 30.cxd5 Bxf1
31.Bxf1 Rb7 32.Bc4 Ra7 33.Ne3 Be7 34.Kg2 Kf8 35.h4 Kg8 36.h5 Ra2+ 37.Kg3 Kf8
38.Bb5 Ra3 39.Ba4 Ra2 40.Nc4 Rc2 41.Ba5 Rc1 42.Bc7 Rc3+ 43.Kf2 Rd3 44.Bc6 Rxb3
45.Nxd6 Rd3 46.Ke2 c4 47.Nxc4 Rd4 48.Nd2 Bb4 49.Nf3 Rc4 50.Nh4 Rc1 51.Bd7 Re1+
52.Kd3 Bc5 53.Nf5 g6 54.hxg6 hxg6 55.e7+ Kf7 56.e8=Q+ Rxe8 57.Bxe8+ Kxe8  1-0

[Event "TSIM"]
[Site "Belgrade YUG"]
[Date "2001.08.20"]
[Round "5"]
[White "Simic,R"]
[Black "Divljan,I"]
[Result "1-0"]
[WhiteElo "2430"]
[BlackElo "2192"]

1.c4 Nf6 2.Nf3 e6 3.g3 b6 4.Bg2 Bb7 5.O-O c5 6.d4 cxd4 7.Qxd4 d6 8.Nc3 a6
9.Rd1 Nbd7 10.Bg5 Be7 11.Nd2 e5 12.Qd3 Nc5 13.Qc2 Bxg2 14.Kxg2 Ra7 15.Bxf6 Bxf6
16.Nde4 Nxe4 17.Qxe4 O-O 18.Qc6 Qc7 19.Rxd6 Rc8 20.Qxb6 Qxb6 21.Rxb6 Bd8
22.Rd6 Ba5 23.Nd5 Rxc4 24.b4  1-0

[Event "Open"]
[Site "Lisbon POR"]
[Date "2001.08.21"]
[Round "1"]
[White "Oei,HI"]
[Black "De Vreugt,D"]
[Result "0-1"]
[WhiteElo "2203"]
[BlackElo "2429"]

1.Nf3 Nf6 2.c4 c5 3.g3 b6 4.Bg2 Bb7 5.O-O e6 6.Nc3 d6 7.d4 cxd4 8.Qxd4 a6
9.e4 Nbd7 10.Rd1 Be7 11.b3 Qc8 12.Bb2 O-O 13.h3 Re8 14.Nd2 Bf8 15.Nf1 Qc7
16.Rac1 Rad8 17.Qd2 Qb8 18.Re1 Bc6 19.Qe2 Qa8 20.f4 Nc5 21.b4 Ncd7 22.a3 h6
23.Kh2 Qb8 24.Nd2 Bb7 25.Rf1 g6 26.Rce1 Bg7 27.Nd1 Re7 28.Qd3 Qc7 29.Qb3 Ree8
30.Nf2 b5 31.Rc1 Qb6 32.Nd1 h5 33.Kh1 Rc8 34.Ne3 Qa7 35.Rc2 Red8 36.Qd3 Qa8
37.Rfc1 bxc4 38.Nexc4 d5 39.exd5 Bxd5 40.Qe2 Bxg2+ 41.Qxg2 Nd5 42.Bxg7 Kxg7
43.h4 N7f6 44.Ne5 Rxc2 45.Rxc2 Ng4 46.Nxg4 hxg4 47.Kh2 Qa7 48.Nc4 Qd4 49.Qe2 Rc8
50.Ne5 Nxf4 51.gxf4 Qxf4+ 52.Kg2 Rxc2 53.Qxc2 Qxe5 54.a4 f5 55.Qc4 f4 56.b5 axb5
57.Qxb5 Qe1 58.h5 f3+ 59.Kh2 Qf2+  0-1

[Event "Open"]
[Site "Feffernitz AUT"]
[Date "2001.08.24"]
[Round "7"]
[White "Teske,H"]
[Black "Neulinger,M"]
[Result "1/2-1/2"]
[WhiteElo "2486"]
[BlackElo "2348"]

1.Nf3 Nf6 2.c4 e6 3.g3 b6 4.Bg2 Bb7 5.O-O c5 6.Nc3 Be7 7.b3 O-O 8.Bb2 d6
9.Re1 Nc6 10.d4 cxd4 11.Nxd4 Rc8 12.Rc1 Qd7 13.e4 Rfd8 14.Nc2 Ne8 15.Ne3 Bf6
16.Qd2 Bd4 17.h3 Nc7 18.Rcd1 h5 19.Qe2 g6 20.Nb5 Bxb2 21.Rxd6 Qe7 22.Rxd8+ Rxd8
23.Qxb2 Nxb5 24.cxb5 Qb4 25.Rc1 Nd4 26.Kh2 Nxb5 27.Qe5 a6 28.Nc4 Rc8 29.Qf4 Qc5
30.a4 Nd4 31.Nd6 Qxc1 32.Qxf7+ Kh8 33.Qf6+ Kh7 34.Qe7+ Kg8 35.Ne8 Qh6 36.Nf6+ Kh8
37.Qxb7 Rf8 38.e5 h4 39.g4 Qf4+ 40.Kg1 Ne2+ 41.Kf1 Ng3+ 42.Kg1 Ne2+  1/2-1/2

[Event "VI Cup IM"]
[Site "Paks HUN"]
[Date "2001.08.25"]
[Round "8"]
[White "Habibi,Al"]
[Black "Szabo,K"]
[Result "1-0"]
[WhiteElo "2250"]
[BlackElo "2191"]

1.c4 Nf6 2.Nf3 b6 3.g3 c5 4.Bg2 Bb7 5.O-O e6 6.b3 Be7 7.Bb2 O-O 8.Na3 d6
9.Nc2 Nbd7 10.Rc1 a6 11.d4 cxd4 12.Ncxd4 Qc7 13.b4 Rac8 14.a4 Qb8 15.b5 Rfe8
16.Re1 Nc5 17.Nh4 Nfe4 18.Nhf3 a5 19.Nc6 Qc7 20.Nfd4 Bf6 21.f3 Bxc6 22.bxc6 Bxd4+
23.Bxd4 Nf6 24.Bxf6 gxf6 25.f4 Kf8 26.e3 Ke7 27.f5 e5 28.Bd5 Rf8 29.Re2 Na6
30.Rb2 Nb4 31.Rcb1 Rb8 32.Qf3 Nd3 33.Rb3 Nb4 34.R1b2 Rg8 35.Qh5 Rg7 36.Kf2 Qa7
37.Rd2 Qa6 38.Rb1 Qc8 39.Rbd1 Nxd5 40.cxd5 Rg5 41.Qxh7 Qxf5+ 42.Qxf5 Rxf5+
43.Kg2 Kd8 44.e4 Rg5 45.Rf2 Rg6 46.Rdf1 b5 47.axb5 Rxb5 48.Rxf6 Rxf6 49.Rxf6 Rb2+
50.Kh3 Ke7 51.Rf3 Rb4 52.Rc3 Kd8 53.Re3 Ke7 54.Kg4 Rc4 55.h4 Kf6 56.Rf3+ Kg7
57.Kf5 Rc1 58.h5 a4 59.g4 a3 60.Rxa3 Rf1+ 61.Kg5 f6+ 62.Kh4 Rc1 63.Ra7+ Kg8
64.Rd7 Kf8 65.c7  1-0

[Event "IX Open"]
[Site "Albacete ESP"]
[Date "2001.08.31"]
[Round "3"]
[White "Braga,F"]
[Black "Vera,R"]
[Result "1/2-1/2"]
[WhiteElo "2444"]
[BlackElo "2563"]

1.c4 Nf6 2.Nf3 c5 3.g3 b6 4.Bg2 Bb7 5.O-O e6 6.Nc3 d6 7.Re1 Nbd7 8.e4 a6
9.d4 cxd4 10.Nxd4 Qc7  1/2-1/2

[Event "EYCC G18"]
[Site "Halkidiki GRE"]
[Date "2001.09.02"]
[Round "3"]
[White "Mammadova,Na"]
[Black "Djuric,Ve"]
[Result "0-1"]
[WhiteElo "2048"]
[BlackElo "2015"]

1.Nf3 Nf6 2.c4 e6 3.g3 b6 4.Bg2 Bb7 5.O-O c5 6.b3 Be7 7.Bb2 O-O 8.d4 cxd4
9.Qxd4 d6 10.Nc3 a6 11.e4 Qc7 12.Rac1 Nbd7 13.Qe3 Rac8 14.Ba3 Rfd8 15.h3 Bf8
16.Nd4 Qb8 17.Rfe1 Qa8 18.Rcd1 Nc5 19.Bb2 Re8 20.Kh2 Rcd8 21.Nc2 Bc6 22.Qd4 b5
23.Nb4 e5 24.Qe3 bxc4 25.Nxc6 Qxc6 26.bxc4 Ne6 27.Bf1 Rb8 28.Ba1 Nd7 29.Rb1 Nd4
30.Rxb8 Rxb8 31.Rc1 Nc5 32.Nd5 Nce6 33.h4 Qa4 34.Nc3 Qa3 35.Kg2 Be7 36.Qd2 Nc5
37.Kh1 Bd8 38.Bg2 Ba5 39.Kh2 h6  0-1

[Event "Boca Open"]
[Site "Buenos Aires ARG"]
[Date "2001.09.20"]
[Round "4"]
[White "Garcia,Rai"]
[Black "Dorin,M"]
[Result "0-1"]
[WhiteElo "2368"]
[BlackElo "2410"]

1.Nf3 Nf6 2.c4 e6 3.g3 b6 4.Bg2 Bb7 5.O-O c5 6.Nc3 d5 7.cxd5 Nxd5 8.Nxd5 exd5
9.d4 Be7 10.Qa4+ Qd7 11.Qxd7+ Nxd7 12.Bh3 c4 13.Be3 b5 14.Rfd1 Nb6 15.Nh4 g6
16.Ng2 Bc8 17.Bxc8 Rxc8 18.Nf4 Bd6 19.Ng2 Kd7 20.Bf4 Rhe8 21.Bxd6 Kxd6 22.e3 a5
23.Nf4 b4 24.Kf1 a4 25.Ne2 Rc6 26.Rdc1 Rec8 27.Ke1 Nd7 28.Kd2 f5 29.Rab1 Nf6
30.Ke1 Ne4 31.f3 Nf6 32.a3 Re8 33.Kf2 Rb6 34.axb4 Rxb4 35.Rc3 g5 36.Ra3 g4
37.Nc3 gxf3 38.Kxf3 Ne4 39.Kf4 Nxc3 40.Rxc3 Reb8 41.Kxf5 Rxb2 42.Rxb2 Rxb2
43.Ra3 Rf2+ 44.Kg5 Kc6 45.Rxa4 Kb5 46.Ra8 c3 47.Rc8 Kb4 48.h4 Rf3 49.g4 Kb3
50.Kh6 Rxe3 51.g5 Re4 52.h5 Rxd4 53.g6 hxg6 54.hxg6 Rg4 55.g7 d4 56.g8=Q+ Rxg8
57.Rxg8 d3  0-1

[Event "ch-ARM"]
[Site "Yerevan ARM"]
[Date "2001.09.21"]
[Round "9"]
[White "Nalbandian,T"]
[Black "Sargissian,G"]
[Result "0-1"]
[WhiteElo "2458"]
[BlackElo "2514"]

1.Nf3 c5 2.g3 b6 3.Bg2 Bb7 4.O-O Nf6 5.c4 e6 6.Nc3 d6 7.Re1 Be7 8.e4 a6 9.d4 cxd4
10.Nxd4 Qc7 11.Be3 Nbd7 12.Rc1 Rc8 13.b3 O-O 14.g4 Nc5 15.f3 g6 16.g5 Nh5
17.Nce2 Qb8 18.Bh3 Rfe8 19.Bg4 Ng7 20.Ng3 b5 21.cxb5 axb5 22.b4 Nd7 23.f4 Rxc1
24.Qxc1 d5 25.Nc6 Bxc6 26.Qxc6 Rc8 27.Qa6 Bxb4 28.Re2 Bc5 29.Bxc5 Nxc5 30.Qa3 Qxf4
31.Rc2 Qxg4 32.Rxc5 Qd1+ 33.Kg2 Rxc5 34.Qxc5 Qd2+ 35.Kh3 Nh5 36.Qxb5 Qxg5
37.Nxh5 Qxh5+ 38.Kg2 Qg4+ 39.Kf1 Qf3+ 40.Kg1 Qe3+ 41.Kf1 Qf3+ 42.Kg1 Qxe4
43.a4 d4 44.a5 d3 45.Qb8+ Kg7 46.Qb2+ e5 47.Qf2 Qg4+ 48.Kf1 Qd1+ 49.Qe1 Qf3+
50.Kg1 Qg4+ 51.Kf2 Qf4+ 52.Kg2 d2 53.Qd1 e4  0-1

[Event "6th ECCW"]
[Site "Belgrade YUG"]
[Date "2001.09.22"]
[Round "7"]
[White "Bogza,A"]
[Black "Djuric,Ve"]
[Result "1/2-1/2"]
[WhiteElo "2290"]
[BlackElo "2015"]

1.Nf3 Nf6 2.c4 e6 3.g3 b6 4.Bg2 Bb7 5.O-O c5 6.b3 d5 7.Bb2 d4 8.e3 dxe3 9.fxe3 Be7
10.Nc3 O-O 11.Qe2 Nc6 12.Rad1 Qc7 13.Nb5 Qb8 14.d4 Rd8 15.Kh1 a6 16.Nc3 Na7
17.Ne5 Bxg2+ 18.Qxg2 b5 19.Ne4 bxc4 20.Nxc4 Nxe4 21.Qxe4 cxd4 22.Bxd4 Qb5
23.Qg4 Qg5 24.Qf3 f6 25.Bb6 Rd5 26.e4 Rxd1 27.Rxd1 Nc6 28.h4 Qb5 29.Rd7  1/2-1/2

[Event "YM"]
[Site "Zug SUI"]
[Date "2001.10.11"]
[Round "3"]
[White "Lopez Martinez,J"]
[Black "Pelletier,Y"]
[Result "1/2-1/2"]
[WhiteElo "2474"]
[BlackElo "2545"]

1.Nf3 Nf6 2.c4 b6 3.g3 Bb7 4.Bg2 c5 5.O-O e6 6.Nc3 Be7 7.b3 O-O 8.Bb2 d6
9.d4 cxd4 10.Nxd4 Bxg2 11.Kxg2 a6 12.e3 Ra7 13.Qf3 Qc8 14.Rfd1 Rc7 15.Ne4 Rd8
16.Rd2 Ne8 17.g4 Nd7 18.Rad1 Nf8 19.g5 Qb7 20.Kg1 b5 21.cxb5 axb5 22.Nc3 b4
23.Qxb7 Rxb7 24.Ne4 Rc8 25.f4 d5 26.Ng3 Ra8 27.Ba1 Rc7 28.e4 Ng6 29.exd5 Nxf4
30.dxe6 Bxg5 31.exf7+ Rxf7 32.Rc2 Nc7 33.Nf3 Nce6 34.Be5 Ng6 35.Nxg5 Nxg5
36.Bc7 Nh4 37.Rd8+ Rxd8 38.Bxd8 Nhf3+ 39.Kh1 Rd7 40.Bxg5 Rd1+ 41.Nf1 Rxf1+  1/2-1/2

[Event "ULIM Cup"]
[Site "Kishnev MDA"]
[Date "2001.10.13"]
[Round "7"]
[White "Kapchuk,A"]
[Black "Solcanean,S"]
[Result "0-1"]
[WhiteElo "2093"]
[BlackElo "2236"]

1.c4 c5 2.Nf3 b6 3.g3 Bb7 4.Bg2 Nf6 5.O-O e6 6.d4 cxd4 7.Qxd4 d6 8.Nc3 Be7
9.b3 Nbd7 10.Bb2 a6 11.Rad1 O-O 12.e4 Qc7 13.Rfe1 Rfd8 14.h3 Rac8 15.Nh2 Ba8
16.Qd2 Rb8 17.Qe2 Qc5 18.a3 b5 19.cxb5 axb5 20.b4 Qb6 21.Nf3 Ne8 22.Nd4 Nc7
23.Qh5 Bf6 24.Nf3 Ne5 25.Nxe5 Bxe5 26.Qg4 Ne8 27.Rd3 Nf6 28.Kh2 Nxg4+  0-1

[Event "TCh-SLO"]
[Site "Bled SLO"]
[Date "2001.10.23"]
[Round "6"]
[White "Velickovic,Z"]
[Black "Gomboc,M"]
[Result "1-0"]
[WhiteElo "2355"]
[BlackElo "2147"]

1.Nf3 c5 2.g3 b6 3.Bg2 Bb7 4.c4 Nf6 5.O-O e6 6.Nc3 Be7 7.Re1 d6 8.e4 a6 9.d4 cxd4
10.Nxd4 Qc7 11.Be3 Nbd7 12.Rc1 Rc8 13.f4 O-O 14.g4 Rfd8 15.g5 Ne8 16.f5 Nc5
17.b4 e5 18.Nde2 Nd7 19.Ng3 Qb8 20.f6 gxf6 21.Nh5 Bf8 22.Nd5 Bxd5 23.exd5 fxg5
24.Bxg5 f6 25.Bh6 b5 26.Rc3 Qa7+ 27.Kh1 Kh8 28.Rg3 Qf2 29.Qg4  1-0

[Event "WYG18"]
[Site "Oropesa del Mar ESP"]
[Date "2001.10.25"]
[Round "5"]
[White "Mamedjarova,Z"]
[Black "Urosevic,M"]
[Result "1/2-1/2"]
[WhiteElo "2231"]
[BlackElo "2049"]

1.Nf3 Nf6 2.g3 b6 3.Bg2 Bb7 4.O-O c5 5.c4 e6 6.Nc3 Be7 7.b3 O-O 8.Bb2 d6
9.e3 Nbd7 10.d4 cxd4 11.exd4 d5 12.Re1 dxc4 13.bxc4 Rc8 14.Bf1 Nb8 15.Rc1 Bxf3
16.Qxf3 Qxd4 17.Nd5 Qc5 18.Nxe7+ Qxe7 19.Ba3 Qc7 20.Bxf8 Rxf8 21.a4 Nbd7
22.Qa3 Nc5 23.Ra1 Rd8 24.a5 Nce4 25.axb6 axb6 26.Rad1 Rc8 27.Bg2 h6 28.Rd4 Nc5
29.Red1 e5 30.R4d2 Ne6 31.Rc1 Nd4 32.f4 Ne6 33.fxe5 Qxe5 34.Kh1 Rxc4 35.Rcd1 Rc5
36.Qa8+ Kh7 37.Qb7 Qc7 38.Qf3 Ng5 39.Qd3+ g6 40.Qf1 Rf5 41.Rf2 Rxf2 42.Qxf2 Kg7
43.Rb1 Qc5 44.Qb2 b5 45.Rc1 Qe3 46.Qc3 Qxc3 47.Rxc3 Nge4 48.Rb3 Nd6 49.Bc6 Nfe4
50.Bxe4 Nxe4 51.Rxb5 Ng5 52.Kg2 Ne6 53.Kf2 g5 54.Ke3 Kg6 55.Ke4 Ng7 56.Rb6+ f6
57.g4 h5 58.h3 hxg4 59.hxg4 Kf7 60.Rb7+ Kf8 61.Ra7 Kg8 62.Rb7 Kf8 63.Rb1 Kf7
64.Rb6 Ne6 65.Rb7+ Kg6  1/2-1/2

[Event "WYB16"]
[Site "Oropesa del Mar ESP"]
[Date "2001.10.28"]
[Round "7"]
[White "Pixton,A"]
[Black "Berkes,F"]
[Result "1/2-1/2"]
[WhiteElo "2351"]
[BlackElo "2541"]

1.Nf3 c5 2.c4 Nf6 3.g3 b6 4.Bg2 Bb7 5.O-O e6 6.Nc3 Be7 7.Re1 d6 8.e4 a6 9.d4 cxd4
10.Nxd4 Qc7 11.Be3 Nbd7 12.Rc1 Rc8 13.b4 Qb8 14.f4 Qa8 15.Nd5 exd5 16.exd5 O-O
17.g4 Nxd5 18.cxd5 Rfe8 19.Nc6 Bf8 20.Bh3 Rxc6 21.dxc6 Bxc6 22.Qd2 a5 23.Bd4 Nc5
24.Bxc5 dxc5 25.Bg2 Rxe1+ 26.Rxe1 c4 27.Bxc6 Qxc6 28.Qg2  1/2-1/2

[Event "WYB14"]
[Site "Oropesa del Mar ESP"]
[Date "2001.10.29"]
[Round "8"]
[White "Brkic,A"]
[Black "Erdos,V"]
[Result "0-1"]
[WhiteElo "2330"]
[BlackElo "2320"]

1.Nf3 e6 2.c4 b6 3.g3 Bb7 4.Bg2 Nf6 5.O-O c5 6.Nc3 Be7 7.b3 O-O 8.Bb2 d6
9.e3 Na6 10.Qe2 Nc7 11.d3 a6 12.Ne1 Bxg2 13.Kxg2 d5 14.f4 b5 15.Nf3 Re8 16.Ne5 Bd6
17.Ng4 Nxg4 18.Qxg4 f5 19.Qf3 Be7 20.Rfd1 Bf6 21.h3 Qd7 22.g4 g6 23.e4 Bd4
24.Rab1 bxc4 25.bxc4 Rab8 26.Ba1 Qg7 27.e5 Qd7 28.Qe2 Qc6 29.Qf3 Qd7 30.g5 Red8
31.Kh2 Kg7 32.Rdc1 h6 33.gxh6+ Kh7 34.Qe2 dxc4 35.dxc4 Qc6 36.Qg2 Qxg2+ 37.Kxg2 Kxh6
38.Rd1 g5 39.fxg5+ Kxg5 40.Ne2 Rxb1 41.Rxb1 Bxa1 42.Rxa1 Rd2 43.Kf2 Rc2 44.Rg1+ Kh6
45.Rc1 Rxa2 46.Rd1 Rc2 47.Rd8 Rxc4 48.Rc8 Nd5 49.Rc6 Kg5 50.Rxa6 Nf4 51.Nxf4 Kxf4
52.Rxe6 Re4 53.Ra6 Rxe5 54.Ra4+ Re4 55.Ra5 Rc4 56.Ke2 Re4+ 57.Kf2 c4 58.Rc5 Rd4
59.Ke2 Ke4 60.h4 f4 61.h5 f3+ 62.Kf2 Rd2+ 63.Kf1 Kd4 64.Rc6 Rh2 65.h6 c3
66.Kg1 f2+ 67.Kf1 Kd3 68.Rd6+ Kc2 69.Rf6 Kc1 70.Rc6 c2 71.Ke2 Kb2 72.Rb6+ Ka3
73.Rc6 c1=Q 74.Rxc1 f1=Q+  0-1

[Event "Chigorin Mem Open"]
[Site "St Petersburg RUS"]
[Date "2001.10.30"]
[Round "5"]
[White "Slavina,I"]
[Black "Tunik,G"]
[Result "1/2-1/2"]
[WhiteElo "2346"]
[BlackElo "2460"]

1.Nf3 Nf6 2.c4 b6 3.g3 c5 4.Bg2 Bb7 5.O-O e6 6.Nc3 d6 7.d4 cxd4 8.Qxd4 Be7
9.b3 O-O 10.Ba3 Na6 11.Ne1 Bxg2 12.Nxg2 Nc5 13.h3 Qb8 14.Bb2 Qb7 15.Ne3 Rfd8
16.Rfd1 a6 17.b4 Ncd7 18.a3 Rac8 19.Rac1 b5 20.cxb5 axb5 21.Qd3 Rb8 22.f4 d5
23.Nc2 Nb6 24.Nd4 Nc4 25.Rc2 Qa6 26.Bc1 Rdc8 27.Kh2 Bf8 28.Ra2 e5 29.fxe5 Nxe5
30.Qd2 Re8 31.Qe1 Nc4 32.Bf4 Rb7 33.Nf5 Qe6 34.Nd4 Qd7 35.Nc2 h6 36.Rd3 Qf5
37.Qd1 Ne4 38.Nxe4 Rxe4 39.Rxd5 Rxe2+ 40.Qxe2 Qxd5 41.Qg2 Qxg2+ 42.Kxg2 g5
43.Bc1 Rd7 44.Ne3 Nxe3+ 45.Bxe3 Rd3 46.Bc5 Bg7 47.a4 bxa4 48.Rxa4 Be5 49.Bf2 Rb3
50.Ra5 Bc3 51.Rb5 Kg7 52.Rb7 Rxb4  1/2-1/2

[Event "IM"]
[Site "Le Touquet FRA"]
[Date "2001.11.01"]
[Round "8"]
[White "Abolianin,A"]
[Black "Gervasio,R"]
[Result "1-0"]
[WhiteElo "2364"]
[BlackElo "2321"]

1.Nf3 Nf6 2.c4 c5 3.g3 b6 4.Bg2 Bb7 5.O-O e6 6.Nc3 Be7 7.Re1 d6 8.e4 Nbd7
9.d4 cxd4 10.Nxd4 Qb8 11.b3 O-O 12.Ba3 Rd8 13.Qe2 Bf8 14.Rad1 a6 15.Bb2 Qa7
16.g4 g6 17.h4 Rac8 18.Bh3 Re8 19.g5 Nh5 20.Bg4 Bg7 21.Bxh5 gxh5 22.Qxh5 b5
23.Ndxb5 axb5 24.Nxb5 Qa8 25.Bxg7 Kxg7 26.Nxd6 Rf8 27.Nxc8 Qxc8 28.Qe2 Kg8
29.Rd4 Ne5 30.Red1 Ng6 31.Qg4 Qb8 32.h5 Ne5 33.Qf4 Nc6 34.Rd6 Qc7 35.Qf6 Qa5  1-0

[Event "TCh-CZE 2001-2"]
[Site "CZE"]
[Date "2001.11.18"]
[Round "3"]
[White "Lechtynsky,J"]
[Black "Simacek,P"]
[Result "1/2-1/2"]
[WhiteElo "2409"]
[BlackElo "2411"]

1.Nf3 Nf6 2.c4 e6 3.g3 b6 4.Bg2 Bb7 5.O-O c5 6.Nc3 Be7 7.d4 cxd4 8.Qxd4 d6
9.Rd1 a6 10.b3 Nbd7 11.e4 Qb8 12.Ba3 Nc5 13.e5 dxe5 14.Qxe5 Ncd7 15.Qxb8+ Rxb8
16.Bb2 O-O 17.Nd4 Rfc8 18.Rac1 Kf8 19.Bxb7 Rxb7 20.Kg2 Ne5 21.Nce2 Nfd7 22.h3 Bf6
23.f4 Nc6 24.Ba3+ Be7 25.Bb2 Bf6 26.Ba3+ Be7 27.Bb2 Bf6  1/2-1/2

[Event "ch-NR"]
[Site "Novosibirsk RUS"]
[Date "2001.11.18"]
[Round "6"]
[White "Duisenova,M"]
[Black "Yakushev,N"]
[Result "1/2-1/2"]
[WhiteElo "2020"]
[BlackElo "2193"]

1.Nf3 Nf6 2.c4 b6 3.g3 c5 4.Bg2 Bb7 5.O-O e6 6.Nc3 Be7 7.Re1 O-O 8.e4 d6
9.d4 cxd4 10.Nxd4 Qc8 11.b3 a6 12.Bb2 Nc6 13.Rc1 Rd8 14.Nxc6 Bxc6 15.Nd5 Qb7
16.Nxe7+ Qxe7 17.Rc2 Ne8 18.Rd2 Qc7 19.Re3 b5 20.Red3 bxc4 21.bxc4 Qb7 22.c5 d5
23.exd5 exd5 24.Bc3 Qb5 25.Bxd5 Rdc8 26.Bxc6 Qxc6 27.Bb4 a5 28.Ba3 h6 29.Qf3 Qxf3
30.Rxf3 Nf6 31.Rf4 Rab8 32.Rc4 Rc6 33.Rd6 Rb1+ 34.Kg2 Rxd6 35.cxd6 Rd1 36.Rc5 Rd2
37.Rxa5 Rxa2 38.Bb4 Rc2 39.Ra8+ Kh7 40.Rd8 Rc4 41.Ba5 Rc5 42.Bb6 Rd5 43.Bc7 g5
44.h3 h5 45.Ra8 g4 46.Ra5 Rxa5 47.Bxa5 Kg6 48.hxg4 hxg4 49.Bc3 Nd7 50.Kf1 Kf5
51.Ke2 Ke4 52.Bd2 f5 53.Be3 Ke5 54.Bf4+ Ke4 55.Kd2 Kd4 56.Kc2 Kc4  1/2-1/2

[Event "ch-ROM w"]
[Site "Targoviste ROM"]
[Date "2001.12.02"]
[Round "8"]
[White "Bogza,O"]
[Black "Vasiesiu,C"]
[Result "1-0"]
[WhiteElo "2143"]
[BlackElo "2222"]

1.Nf3 c5 2.c4 Nf6 3.g3 b6 4.Bg2 Bb7 5.O-O e6 6.Nc3 Be7 7.d4 cxd4 8.Qxd4 Nc6
9.Qf4 a6 10.b3 d6 11.Bb2 O-O 12.Rfd1 Qc7 13.Rac1 Ne5 14.e4 Nxf3+ 15.Bxf3 Rfd8
16.Qe3 Rac8 17.Ne2 Nd7 18.Nd4 Qb8 19.Bg2 Ba8 20.Qe2 Ne5 21.f3 Nc6 22.Bf1 Bf8
23.a4 Nxd4 24.Bxd4 Bc6 25.Qf2 b5 26.axb5 axb5 27.cxb5 Be8 28.b6 Rxc1 29.Rxc1 e5
30.Be3 d5 31.exd5 Rxd5 32.Ba6 Rd8 33.b7 Bd7 34.Bb6 Bh3 35.Bxd8 Qxd8 36.Rc8 Qd1+
37.Bf1  1-0

[Event "FSGMA December"]
[Site "Budapest HUN"]
[Date "2001.12.04"]
[Round "4"]
[White "Varga,Zo"]
[Black "Horvath,Ad"]
[Result "1/2-1/2"]
[WhiteElo "2506"]
[BlackElo "2490"]

1.c4 b6 2.Nf3 c5 3.g3 Bb7 4.Bg2 Nf6 5.O-O e6 6.d4 cxd4 7.Qxd4 Nc6 8.Qf4 Ne7
9.Nc3 Ng6 10.Qd4 Rc8 11.b3 Bc5 12.Qd3 O-O 13.Bb2 d5 14.cxd5 Nxd5 15.Nxd5 Qxd5
16.Qxd5 Bxd5 17.Rfd1 Rfd8 18.Ne1 Bxg2 19.Kxg2 f6 20.Rxd8+ Rxd8 21.Nd3 Bd6
22.f4 Kf7 23.Rc1 Ne7 24.Kf3 Rc8  1/2-1/2

[Event "TCh-ISR"]
[Site "ISR"]
[Date "2002.01.18"]
[Round "2"]
[White "Zifroni,D"]
[Black "Bar,R"]
[Result "1/2-1/2"]
[WhiteElo "2543"]
[BlackElo "2418"]

1.Nf3 Nf6 2.c4 e6 3.g3 b6 4.Bg2 Bb7 5.O-O c5 6.Nc3 Be7 7.d4 cxd4 8.Qxd4 d6
9.Bg5 a6 10.Bxf6 Bxf6 11.Qf4 Be7 12.Rfd1 O-O 13.Ne4 Bxe4 14.Qxe4 Ra7 15.Nd4 Qc8
16.b3 Rc7 17.a4 Re8 18.Ra2 Nd7 19.a5 Nc5 20.Qb1 bxa5 21.Rxa5 Bf6 22.e3 Qd7
23.b4 Rb8 24.Qb2 Nb7 25.Bxb7 Rcxb7 26.Rxa6 Qc8 27.Qa2 Bxd4 28.Rxd4 Rxb4 29.Raxd6 g6
30.Qe2 Rb1+ 31.Rd1 Qc5 32.Rd8+ Rxd8 33.Rxb1 Rc8 34.Rc1 h5 35.h4 Qb4 36.Qd3 Qc5
37.Qd4 Qxd4 38.exd4 Rd8 39.Rd1 Rc8 40.c5 e5 41.d5 Rxc5 42.d6 Rc8 43.Kg2 f6
44.f4 exf4 45.gxf4 Kf7 46.Re1 Rd8 47.Re7+ Kf8 48.Re6 Kf7  1/2-1/2

[Event "150 SJ Rio Preto"]
[Site "Sao Paulo BRA"]
[Date "2002.01.19"]
[Round "3"]
[White "Disconzi da Silva,R"]
[Black "De Souza,M"]
[Result "0-1"]
[WhiteElo "2415"]
[BlackElo "2343"]

1.Nf3 Nf6 2.c4 c5 3.g3 b6 4.Bg2 Bb7 5.O-O e6 6.Re1 Be7 7.Nc3 Ne4 8.Nb1 O-O
9.d3 Nf6 10.e4 d6 11.Nc3 Nbd7 12.b3 a6 13.Bb2 Qc7 14.Qd2 Ne5 15.Ng5 Nfd7
16.h4 Bf6 17.Rf1 Rae8 18.Rae1 Nc6 19.Ne2 Bxb2 20.Qxb2 h6 21.Nh3 Nde5 22.Qd2 b5
23.f4 Nd7 24.g4 f5 25.g5 Ne7 26.Ng3 Nb8 27.Qe2 Nbc6 28.gxh6 gxh6 29.Qh5 fxe4
30.Bxe4 Nd4 31.Kh2 Bxe4 32.dxe4 Nec6 33.Rg1 Kh8 34.Qxh6+ Qh7 35.Qxh7+ Kxh7
36.Re3 bxc4 37.bxc4 Rb8 38.Nh5 Rb2+ 39.Kh1 Kh6 40.Reg3 Ne7 41.Ng7 Ne2 42.Nxe6 Nxg3+
43.Rxg3 Rg8 44.Nhg5 Kh5 45.Rd3 Rgb8 46.Nf3 Rxa2 47.Neg5 Rb1+ 48.Ng1 Ng6 49.Rxd6 Nxf4
50.Nf3 Rf2 51.Nd2 Rd1  0-1

[Event "TCh-ISR"]
[Site "ISR"]
[Date "2002.01.26"]
[Round "3"]
[White "Bruk,O"]
[Black "Bar,R"]
[Result "1/2-1/2"]
[WhiteElo "2406"]
[BlackElo "2418"]

1.Nf3 Nf6 2.c4 c5 3.g3 b6 4.Bg2 Bb7 5.O-O e6 6.Nc3 Be7 7.d4 cxd4 8.Qxd4 d6
9.Bg5 O-O 10.Rfd1 Nbd7 11.Nb5 d5 12.cxd5 Bxd5 13.Nc3 Bc6 14.Rac1 h6 15.Bf4 Bc5
16.Qc4 Rc8 17.Qd3 Ng4 18.Rf1 e5 19.Bd2 Ndf6 20.Qxd8 Rfxd8 21.Be1 e4 22.Nh4 g5
23.Nf5 Bd7 24.h3 Bxf5 25.hxg4 Bxg4 26.Rc2 Bf5 27.e3 h5 28.Nb5 a6 29.Na7 Rc7
30.b4 Rxa7 31.bxc5 Rc7 32.Rb2 Rxc5 33.Rxb6  1/2-1/2

[Event "Rapid"]
[Site "Aubervilliers FRA"]
[Date "2002.01.27"]
[Round "6"]
[White "Akopian,V"]
[Black "Moltchanov,R"]
[Result "1-0"]
[WhiteElo "2680"]
[BlackElo "2379"]

1.Nf3 c5 2.c4 Nf6 3.g3 b6 4.Bg2 Bb7 5.O-O e6 6.Nc3 Be7 7.Re1 d6 8.e4 a6 9.d4 cxd4
10.Nxd4 Qc7 11.Be3 Nbd7 12.Rc1 O-O 13.f4 Rfe8 14.f5 Bf8 15.fxe6 fxe6 16.Bh3 Nc5
17.b4 Ncxe4 18.Nxe4 Bxe4 19.Nxe6 Qc6 20.Qd4 Rab8 21.Bg5 Bg6 22.Bxf6 gxf6
23.Qxf6 d5 24.Bg2 Bf7 25.Bxd5 Qd6 26.Re4 h5 27.Re5  1-0

[Event "39th BPCL ch-IND"]
[Site "Nagpur IND"]
[Date "2002.02.02"]
[Round "17"]
[White "Konguvel,P"]
[Black "Mishra,N"]
[Result "1/2-1/2"]
[WhiteElo "2404"]
[BlackElo "2321"]

1.Nf3 Nf6 2.g3 b6 3.Bg2 Bb7 4.c4 e6 5.O-O c5 6.Nc3 Be7 7.Re1 d6 8.e4 O-O
9.d4 cxd4 10.Nxd4 Qc8 11.b3 a6  1/2-1/2

[Event "XVIII Open"]
[Site "Cappelle la Grande FRA"]
[Date "2002.02.09"]
[Round "1"]
[White "Ionescu,Cr"]
[Black "Yu Shaoteng"]
[Result "1/2-1/2"]
[WhiteElo "2330"]
[BlackElo "2522"]

1.Nf3 Nf6 2.c4 b6 3.g3 c5 4.Bg2 Bb7 5.O-O e6 6.Nc3 Be7 7.d4 cxd4 8.Qxd4 d6
9.b3 a6 10.Rd1 Nbd7 11.e4 Qc7 12.Ba3 Nc5 13.e5 dxe5 14.Qxe5 Rc8 15.Qxc7 Rxc7
16.Bc1 O-O 17.Bf4 Rcc8 18.Bd6 Rfe8 19.Ne5 Bxg2 20.Kxg2 Kf8 21.f4 Nb7 22.Bxe7+ Kxe7
23.Na4 b5 24.Nb6 Rc7 25.cxb5 axb5 26.Rac1 Nc5 27.b4 Na6 28.a4 Rxc1 29.Rxc1 Nxb4
30.Rc7+ Kd6 31.Rxf7 bxa4 32.Nxa4 Re7 33.Nc4+ Kd7 34.Nc5+ Ke8 35.Nd6+ Kd8
36.Ndb7+ Ke8 37.Nd6+  1/2-1/2

[Event "ch-Serbia"]
[Site "Leskovac YUG"]
[Date "2002.02.15"]
[Round "1"]
[White "Tadic,B"]
[Black "Gavrilovic,L"]
[Result "1/2-1/2"]
[WhiteElo "2459"]
[BlackElo "2244"]

1.Nf3 Nf6 2.c4 e6 3.g3 b6 4.Bg2 Bb7 5.O-O c5 6.Nc3 Be7 7.b3 O-O 8.Bb2 d6
9.d4 Nbd7 10.d5 e5 11.e4 Ne8 12.h4 Nc7 13.Ne1 Bc8 14.Nd3 Rb8 15.Nb5 Nxb5
16.cxb5 Bf6 17.Bc3 a6 18.a4 Qe7 19.b4 g6 20.bxa6 Bxa6 21.b5 Bc8 22.Re1 Bg7
23.h5 Nf6 24.hxg6 hxg6 25.Nb2 Bg4 26.Qd3 Nh5 27.Nc4 Bd7 28.Qe2 Nf6 29.Rab1 Ng4
30.a5 bxa5 31.Nxa5 Qg5 32.f3 Nh6 33.Nc6 Rb7 34.Bd2 Qxg3 35.Qf2 Qxf2+ 36.Kxf2 f5
37.Rh1 f4 38.Bf1 g5 39.b6 Ra8 40.Bc4 g4 41.Na5 Rbb8 42.b7 Ra7 43.Rb2 Nf7
44.Rhb1 Bf6 45.Nc6 Bh4+ 46.Kg2 gxf3+ 47.Kxf3 Ra3+ 48.Kg2 Rg3+ 49.Kh1 Rh3+
50.Kg1 Rg3+ 51.Kh1  1/2-1/2

[Event "ch-Serbia w"]
[Site "Leskovac YUG"]
[Date "2002.02.18"]
[Round "4"]
[White "Zendilovska,K"]
[Black "Stojanovic,Na"]
[Result "1/2-1/2"]
[WhiteElo "2139"]
[BlackElo "2075"]

1.Nf3 Nf6 2.c4 b6 3.g3 Bb7 4.Bg2 c5 5.O-O e6 6.Nc3 Be7 7.b3 O-O 8.Bb2 d6
9.d4 cxd4 10.Nxd4 Bxg2 11.Kxg2 a6 12.e3 Ra7 13.f4 d5 14.cxd5 Nxd5 15.Nxd5 Qxd5+
16.Qf3 Qxf3+ 17.Kxf3 Rc7 18.Rac1 Rfc8 19.Rxc7 Rxc7 20.Rd1 h6 21.h3 Nc6 22.Nxc6 Rxc6
23.Rd7 Bb4 24.a3 Rc2 25.Bxg7 Kxg7 26.axb4 Rc3 27.Rd6 b5 28.g4 Rxb3 29.Rxa6 Rb1
30.h4 h5 31.g5 Rf1+ 32.Kg2 Rc1 33.Rd6 Rc4 34.Ra6 Rxb4 35.Rb6  1/2-1/2

[Event "ch-Serbia"]
[Site "Leskovac YUG"]
[Date "2002.02.20"]
[Round "6"]
[White "Tadic,B"]
[Black "Perunovic,Mio"]
[Result "1/2-1/2"]
[WhiteElo "2459"]
[BlackElo "2305"]

1.Nf3 Nf6 2.c4 e6 3.g3 b6 4.Bg2 Bb7 5.O-O c5 6.Nc3 Be7 7.Re1 a6 8.e4 d6 9.d4 cxd4
10.Nxd4 Qc7 11.Be3 Nbd7 12.Rc1 O-O 13.f4 h5 14.h3 Rfe8 15.Bf2 Bf8 16.Nf3 Rad8
17.Qe2 g6 18.Ng5 Nh7 19.Nxh7 Kxh7 20.Be3 Bg7 21.Red1 Rc8 22.Qd2 Bf8 23.b3 Red8
24.Qf2 Kg8 25.g4 hxg4 26.hxg4 Bg7 27.g5 Ba8 28.Ne2 Qb8 29.Bd4 e5 30.Bb2 Nc5
31.Nc3 Ne6 32.f5 Nxg5 33.Nd5 Bxd5 34.Rxd5 b5 35.cxb5 axb5 36.Rcd1 Bf6 37.fxg6 Kg7
38.gxf7 Rc7 39.Rxd6 Rxf7 40.Rxd8 Bxd8 41.Rxd8 Qxd8 42.Bxe5+ Kg6 43.Qd4 Qxd4+
44.Bxd4 Nf3+ 45.Bxf3 Rxf3 46.Bc5 Rc3 47.Bd6 Rc1+ 48.Kf2 Rc2+ 49.Ke3 Rxa2
50.Kd4 Rc2 51.Kd5 Kf7 52.b4 Rd2+ 53.Kc5 Ke6 54.e5 Rc2+ 55.Kxb5 Kd5 56.Kb6  1/2-1/2